00000000nam##2200000za#4500
0019.603198
003CaOODSP
00520210624210944
007cr |||||||||||
008150406|2002||||xxc|||||o    f|0| 0 fre|d
040 |aCaOODSP|bfre
043 |an-cn---
0861 |aBT31-4/26-2002F-PDF
1101 |aCanada. |bConseil du trésor.
24510|aSecrétariat des conférences intergouvernementales canadiennes, rapport sur le rendement pour la période se terminant le 31 mars 2002 |h[ressource électronique]
260 |aOttawa - Ontario : |bSecrétariat du Conseil du Trésor du Canada |cc2002.
300 |a22p.|bgraphiques, organigramme, tableaux
4901 |aRapport sur le rendement pour la période se terminant le 31 mars 2002 |vPour la période se terminant le 31 mars 2002
500 |aLe n° de catalogue (BT31-4/26-2002) et l'ISBN (0-660-62093-6) de l'édition imprimée bilingue ont été incorrectement copiés dans l'édition électronique.
590 |a12-17-Supp|b2012-04-20
77508|tCanadian Intergovernmental Conference Secretariat, performance report for the period ending March 31, 2002 |w(CaOODSP)9.572955
7760#|tCanadian Intergovernmental Conference Secretariat |w(CaOODSP)9.536772
7760#|tSecrétariat des conférences intergouvernementales canadiennes |w(CaOODSP)9.536773
830#0|aRapport sur le rendement pour la période se terminant le 31 mars 2002 ;|vPour la période se terminant le 31 mars 2002|w(CaOODSP)9.502659
85640|ahttp://publications.gc.ca|qPDF|s2.51 Mo|uhttps://publications.gc.ca/collections/collection_2012/sct-tbs/BT31-4-26-2002-fra.pdf|yPour la période se terminant le 31 mars 2002